Guía Oficial de el Tajín (Record no. 9703)

MARC details
000 -CABECERA
campo de control de longitud fija 00679nam a2200217 a 4500
001 - NÚMERO DE CONTROL
campo de control BRL_891
005 - FECHA Y HORA DE LA ÚLTIMA TRANSACCIÓN
campo de control 20190320210937.0
008 - DATOS DE LONGITUD FIJA--INFORMACIÓN GENERAL
campo de control de longitud fija 240915s1961----mx-ab#####---#000-0#spa-#
041 ## - CÓDIGO DE LENGUA
Código de lengua del texto/banda sonora o título independiente spa
044 ## - CÓDIGO DEL PAÍS DE LA ENTIDAD EDITORA/PRODUCTORA
Código MARC del país mx
050 #4 - SIGNATURA TOPOGRÁFICA DE LA BIBLIOTECA DEL CONGRESO
Número de clasificación F1219.1.T2
Número de documento/Ítem .G85 1961
245 10 - MENCIÓN DE TÍTULO
Título Guía Oficial de el Tajín
260 ## - PUBLICACIÓN, DISTRIBUCIÓN, ETC.
Lugar de publicación, distribución, etc. México, D.F.
Nombre del editor, distribuidor, etc. Instituto Nacional de Antropología e Historia, Departamento de Publicaciones
Fecha de publicación, distribución, etc. 1961
300 ## - DESCRIPCIÓN FÍSICA
Extensión 31 p.
Otras características físicas il. (algunas a color), mapas
Dimensiones 20 cm.
500 ## - NOTA GENERAL
Nota general Au1055
650 14 - PUNTO DE ACCESO ADICIONAL DE MATERIA--TÉRMINO DE MATERIA
Término de materia o nombre geográfico como elemento de entrada Tajín (Veracruz)
Subdivisión de forma Guías
Subdivisión general Historia
9 (RLIN) 25250
650 14 - PUNTO DE ACCESO ADICIONAL DE MATERIA--TÉRMINO DE MATERIA
Término de materia o nombre geográfico como elemento de entrada Indígenas de México
Subdivisión general Arquitectura
9 (RLIN) 24312
651 #4 - PUNTO DE ACCESO ADICIONAL DE MATERIA--NOMBRE GEOGRÁFICO
Nombre geográfico México
Subdivisión general Antigüedades
9 (RLIN) 2765
902 ## - CATALOGADOR
Iniciales GRL
942 ## - ELEMENTOS DE PUNTO DE ACCESO ADICIONAL (KOHA)
Fuente del sistema de clasificación o colocación Library of Congress Classification
Tipo de ítem Koha Libros
Holdings
Estado de retiro Estado de pérdida Estado dañado No para préstamo Localización permanente Ubicación/localización actual Fecha de adquisición Número de inventario Total de préstamos Signatura topográfica completa Código de barras Fecha visto por última vez Precio válido a partir de Tipo de ítem Koha
El ejemplar forma parte de la colección y puede ser consultado según las políticas vigentes.       Biblioteca Centro de Estudios Ruth D. Lechuga Biblioteca Centro de Estudios Ruth D. Lechuga 23/10/2013 Au1055   F1219.1.T2 .G85 1961 (Au1055) GRL00961 22/03/2019 22/03/2019 Libros